|
|
|
|
| LEADER |
01104nam#a2200313#a#4500 |
| 001 |
001624 |
| 005 |
20160721142114.0 |
| 008 |
950714s1993####ag##################spa#d |
| 020 |
|
|
|a 9502521382
|
| 020 |
|
|
|a 950252139X
|
| 040 |
|
|
|a AR-BeUNQ
|
| 099 |
|
|
|a 30-F9
|
| 245 |
0 |
0 |
|a La historia agraria del Río de la Plata colonial : Los establecimientos productivos
|c Raúl O Fradkin ; Tulio Halperín Donghi ; Carlos A Mayo....[et al.]
|
| 260 |
|
|
|a Buenos Aires :
|b Centro Editor de América Latina,
|c 1993
|
| 490 |
0 |
|
|a Los fundamentos de las ciencias del hombre ;
|v v. 114-115
|
| 648 |
|
4 |
|a 1750-1810
|
| 650 |
|
7 |
|a SOCIOLOGIA RURAL
|2 spines
|
| 650 |
|
7 |
|a SECTOR AGRICOLA
|2 spines
|
| 650 |
|
7 |
|a ECONOMIA AGRICOLA
|2 spines
|
| 650 |
|
7 |
|a COLONIAS
|2 spines
|
| 650 |
|
7 |
|a UNIDADES DE PRODUCCION
|2 spines
|
| 650 |
|
7 |
|a HISTORIA
|2 spines
|
| 651 |
|
7 |
|a AMERICA LATINA
|2 toit
|
| 651 |
|
7 |
|a ARGENTINA
|2 Spines
|
| 651 |
|
7 |
|a URUGUAY
|2 Spines
|
| 700 |
1 |
|
|a Fradkin, Raúl O
|e comp
|4 com
|
| 929 |
|
|
|a COMPRA
|b Centro Editor de América Latina
|c Exp. 827-0465/95
|d 5,60
|e 19950714
|j 12103
|
| 942 |
|
|
|c LIB
|n 0
|
| 999 |
|
|
|c 4425
|d 79812
|